Osttimor-Quiz - Statistiken

Allgemein
  • Dieses Quiz wurde 1.622 mal gespielt
  • Das Durchschnittsergebnis liegt bei 9 aus 16
Antwortstatistiken
Frage Antwort % Korrekt
Land, das 1975 die Kontrolle über Osttimor übernahm Indonesien
89%
Kolonialmacht Osttimors bis 1975 Portugal
76%
Hauptstadt von Osttimor Dili
74%
Bohne, die 22% der Gesamtexporte ausmacht Kaffee
69%
Offizieller Name Osttimors Demokratische Republik Timor-{Leste}
67%
Amtssprachen Portugiesisch
64%
Rohstoff, der mehr als die Hälfte der Gesamtexporte ausmacht Erdöl
59%
Anderes asiatisches Land mit einer mehrheitlich katholischen Bevölkerung Philippinen
58%
Der Mythos der Entstehung Osttimors behauptet die Insel Timor sei aus dem Körper dieses Reptils geschaffen worden Krokodil
55%
Land, das 2004 in einem Spiongeskandal auf Osttimor beteiligt war Australien
54%
Währung von Osttimor U.S. Dollar
54%
Nennen Sie eines der drei Meere, an denen Osttimor grenzt Banda | Savu | Timor
43%
Was José Ramos-Horta und Carlos Filipe Ximenes Belo 1996 gewannen Friedensnobelpreis
31%
Die Insel Timor ist Teil dieser Inselgruppe Kleine {Sunda}inseln
28%
Das Wort "Timor" kommt vom Malaiischen "timur". Was bedeutet dies auf Deutsch? Osten
23%
Amtssprachen Tetum
13%
Keine übereinstimmenden Quizze gefunden
Verteilung der Resultate
Anzahl Personen mit jedem Resultat
Perzentil nach korrekt beantworteten Fragen
Ihre Resultats-Entwicklung
Sie haben dieses Quiz noch nicht gespielt